000 00264nam a2200109Ia 4500
008 220204s9999 xx 000 0 und d
082 _a681.31
_bROW
245 0 _aChoose your own computer
260 _aLondon
_bSphere
_c1984
700 _aRodwell, Peter
942 _cBK
999 _c39077
_d39077